[Event "Nakhchivan Open 2017"]
[Site "Nakhchivan AZE"]
[Date "2017.05.07"]
[Round "5.5"]
[White "Malakhatko,V"]
[Black "Burmakin,V"]
[Result "1-0"]
[WhiteElo "2487"]
[BlackElo "2508"]

1.c4 c6 2.Nf3 d5 3.e3 Nf6 4.Nc3 g6 5.d4 Bg7 6.Bd2 O-O 7.Qb3 e6 8.Bd3 Nbd7
9.O-O b6 10.cxd5 Nxd5 11.Ne4 Qe7 12.Ng3 e5 13.Bc4 exd4 14.Bxd5 cxd5 15.exd4
Qd8 16.Bb4 Re8 17.Qxd5 Ba6 18.Ng5 Qf6 19.Rfe1 Nf8 20.N3e4 Qf5 21.Qxf5 gxf5
22.Nd6 Rxe1+ 23.Rxe1 Bxd4 24.b3 f4 25.Ngxf7 Bg7 26.h4 f3 27.Re3 fxg2 28.Rg3 h5
29.Bc3 Ne6 30.Bxg7 Nxg7 31.Ne5 Kf8 32.Ng6+ Kg8 33.Nf4 Kf8 34.Ng6+ Kg8 35.Nf4
Kf8 36.Nd5 Rd8 37.Rf3+ Kg8 38.Nf6+ Kf8 39.Nfe8+ {#r} 1-0

[Event "Nakhchivan Open 2017"]
[Site "Nakhchivan AZE"]
[Date "2017.05.07"]
[Round "5.12"]
[White "Gasanov,E"]
[Black "Ibrahimli,Murad"]
[Result "1-0"]
[WhiteElo "2484"]
[BlackElo "2287"]

1.d4 Nf6 2.c4 e6 3.Nc3 Bb4 4.Qc2 O-O 5.Nf3 c5 6.dxc5 Bxc5 7.Bg5 Be7 8.Rd1 Nc6
9.e4 Qc7 10.Be2 d6 11.O-O Qb8 12.a3 b6 13.b4 Bb7 14.Rd2 h6 15.Bh4 g5 16.Bg3
Nh5 17.Rfd1 Nxg3 18.hxg3 Rd8 19.Nd5 exd5 20.exd5 Ne5 21.Nxe5 dxe5 22.c5 Bd6
23.Bh5 Rf8 24.cxd6 Qxd6 25.Bg4 Bc8 26.Be2 Bd7 27.g4 a5 28.Qe4 Kg7 29.Bd3 Rh8
30.Re1 Rae8 31.Be2 Rc8 32.Rd3 Rc7 33.Rf3 Rcc8 34.Re3 Rce8 35.Rc3 h5 36.bxa5
bxa5 37.gxh5 f5 38.Qe3 Kf6 39.Rb1 Rb8 40.Rcb3 Rxb3 41.Rxb3 Qxd5 42.Rd3 Qc6
43.Qd2 Be6 44.Rd6 Qc5 45.Ra6 Rb8 46.h6 g4 47.h7 Qf8 48.Bc4 Rb1+ 49.Kh2 {#r}
1-0

[Event "14th Balagna Rapid Open"]
[Site "Balagna FRA"]
[Date "2017.05.07"]
[Round "7.1"]
[White "Bacrot,E"]
[Black "Lazarev,V"]
[Result "1-0"]
[WhiteElo "2696"]
[BlackElo "2362"]

1.e4 c5 2.Nf3 Nc6 3.Bb5 Qb6 4.Nc3 e6 5.O-O Nge7 6.Re1 Nd4 7.Ba4 a6 8.d3 Nec6
9.Bf4 Qd8 10.Nd5 d6 11.Bg5 Qa5 12.Nxd4 cxd4 13.Bxc6+ bxc6 14.b4 Qa4 15.Nc7+
Kd7 16.Nxa8 Qb5 17.Qh5 Be7 18.h4 f6 19.a4 Qb7 20.Bd2 g6 21.Qh6 Bf8 22.Qf4 Be7
23.c3 dxc3 24.Bxc3 Qxa8 25.Qh6 Bb7 26.d4 Qe8 27.e5 d5 {#r} 1-0

[Event "14th Balagna Rapid Open"]
[Site "Balagna FRA"]
[Date "2017.05.07"]
[Round "7.3"]
[White "Bouslimi,Nabil"]
[Black "Battaglini,G"]
[Result "0-1"]
[WhiteElo "1974"]
[BlackElo "2475"]

1.d4 Nf6 2.c4 c5 3.d5 e5 4.Nc3 d6 5.e4 Be7 6.Be2 Nbd7 7.f4 exf4 8.Bxf4 O-O
9.h3 Re8 10.Nf3 Nh5 11.Bh2 Bh4+ 12.Nxh4 Qxh4+ 13.Kd2 Ng3 14.Bxg3 Qxg3 15.Qg1
Nf6 16.Bd3 Nd7 17.Re1 a6 18.Re3 Qf4 19.Qf1 Qh6 20.g3 Ne5 21.Qf4 g5 22.Qf1 Bd7
23.Ne2 b5 24.cxb5 axb5 25.Nc1 c4 26.Be2 Qg7 27.Kc2 b4 28.Bxc4 Nxc4 29.Qxc4
Rec8 30.Qxc8+ Rxc8+ 31.Kb1 Bb5 32.Rd1 Qe5 33.Rd2 f5 34.Re1 fxe4 35.Rf2 e3
36.Rf3 Qe4+ {#R} 0-1

[Event "14th Balagna Rapid Open"]
[Site "Balagna FRA"]
[Date "2017.05.07"]
[Round "8.1"]
[White "Fressinet,L"]
[Black "Bacrot,E"]
[Result "0-1"]
[WhiteElo "2668"]
[BlackElo "2696"]

1.e4 c5 2.Nf3 d6 3.Bb5+ Nd7 4.d4 cxd4 5.Qxd4 Nf6 6.O-O a6 7.Bxd7+ Bxd7 8.c4 g6
9.Nc3 Bg7 10.Qd3 O-O 11.a4 Rc8 12.Bd2 Bg4 13.b3 Nd7 14.Rab1 Nc5 15.Qe3 f5
16.exf5 Bxf5 17.Rb2 b5 18.axb5 axb5 19.Nd4 Bd3 20.Re1 bxc4 21.b4 e5 22.Ndb5
Ne6 23.Nd5 Nf4 24.Nbc3 Kh8 25.b5 Nxd5 26.Nxd5 Rc5 27.Nc3 Rc7 28.Nd5 Rcf7
29.Bc3 Qa8 30.Nb4 Bf5 31.Qd2 Rd7 32.Nd5 Bd3 33.Nb6 Qb7 34.Nxd7 Qxd7 35.b6 Qb7
36.Ra1 d5 37.Ra7 Qb8 38.Bb4 Re8 39.Bc5 d4 40.Rba2 e4 41.b7 c3 42.Qc1 Bb5
43.Qb1 c2 44.Qxc2 e3 45.fxe3 dxe3 46.Ra8 e2 47.Bf2 e1=R+ 48.Bxe1 Bd4+ 49.Bf2
Re1# 0-1

[Event "14th Balagna Rapid Open"]
[Site "Balagna FRA"]
[Date "2017.05.07"]
[Round "8.3"]
[White "Piscopo,P"]
[Black "Vaisser,A"]
[Result "0-1"]
[WhiteElo "2399"]
[BlackElo "2503"]

1.e4 e6 2.d4 d5 3.Nd2 c5 4.Ngf3 Nc6 5.exd5 exd5 6.Bb5 cxd4 7.O-O Bd6 8.Nxd4
Bxh2+ 9.Kxh2 Qh4+ 10.Kg1 Qxd4 11.Qe2+ Ne7 12.Nf3 Qe4 13.Qd2 O-O 14.Re1 Qf5
15.b3 Ng6 16.Bb2 Nf4 17.Ne5 Qg5 {#R} 0-1

[Event "14th Balagna Rapid Open"]
[Site "Balagna FRA"]
[Date "2017.05.07"]
[Round "9.1"]
[White "Bacrot,E"]
[Black "Vaisser,A"]
[Result "1-0"]
[WhiteElo "2696"]
[BlackElo "2503"]

1.e4 e6 2.d3 d5 3.Nd2 Nf6 4.g3 dxe4 5.dxe4 Bc5 6.Bg2 e5 7.Ngf3 Nc6 8.O-O O-O
9.c3 a5 10.Qc2 b6 11.Nb3 Bd6 12.Rd1 Ba6 13.a4 Qe7 14.Nh4 Qe6 15.Nf5 g6 16.Nxd6
cxd6 17.Bg5 Rac8 18.Nc1 Rfd8 19.Qd2 Rd7 20.Bxf6 Qxf6 21.Bh3 Rcd8 22.Bxd7 Rxd7
23.Qe3 Bb7 24.Ne2 Ne7 25.c4 Qe6 26.b3 f5 27.f3 fxe4 28.fxe4 Qg4 29.Nc3 Nc6
30.Nd5 Kg7 31.Rf1 Rd8 32.Qxb6 Ba8 33.Rae1 h5 34.Qf2 Kh6 35.Nf6 Qe6 36.Qe3+ Kg7
37.Qg5 Rh8 38.Nd5 Nd4 39.Rf6 Rh6 40.Rxe6 Nf3+ 41.Kg2 Nxg5 42.Re7+ {#r} 1-0

[Event "14th Balagna Rapid Open"]
[Site "Balagna FRA"]
[Date "2017.05.07"]
[Round "9.2"]
[White "Battaglini,G"]
[Black "Fressinet,L"]
[Result "0-1"]
[WhiteElo "2475"]
[BlackElo "2668"]

1.d4 Nf6 2.c4 e6 3.Nc3 Bb4 4.g3 O-O 5.Bg2 d5 6.a3 Bxc3+ 7.bxc3 dxc4 8.Qa4 Bd7
9.Qxc4 Bc6 10.f3 Nbd7 11.e4 a6 12.Ne2 Bb5 13.Qa2 Nb6 14.O-O c5 15.Be3 Rc8
16.Rfd1 Bc4 17.Qc2 cxd4 18.Nxd4 Qc7 19.a4 Nbd7 20.a5 Nc5 21.Qb2 Rfd8 22.Bg5 h6
23.Be3 Kh7 24.Bf1 Bxf1 25.Kxf1 Ncd7 26.Ne2 Ne5 27.Rxd8 Qxd8 28.Qxb7 Qd3 29.Kf2
Nfg4+ 30.fxg4 Nxg4+ 31.Ke1 Nxe3 32.Qxc8 Nc2+ 33.Kf2 Qe3+ 34.Kf1 Qf3+ 35.Kg1
Qxe2 36.Rf1 Ne3 {#R} 0-1

[Event "14th Balagna Rapid KO"]
[Site "Balagna FRA"]
[Date "2017.05.07"]
[Round "1.1"]
[White "Bacrot,E"]
[Black "Lazarev,V"]
[Result "1-0"]
[WhiteElo "2696"]
[BlackElo "2362"]

1.d4 Nf6 2.c4 e6 3.Nf3 d5 4.Nc3 Bb4 5.Qb3 a5 6.a3 Be7 7.Bf4 c6 8.e3 a4 9.Qc2
Qa5 10.Bxb8 Rxb8 11.Qxa4 Qc7 12.Be2 dxc4 13.Qxc4 b5 14.Qa2 b4 15.axb4 Bxb4
16.O-O O-O 17.Rfc1 Qe7 18.Na4 Bd7 19.Nc5 Bxc5 20.Rxc5 Rb6 21.Nd2 Rfb8 22.b3
Nd5 23.Qa3 h6 24.Bc4 Nb4 25.Qc1 Nd5 26.Nf3 Be8 27.h3 f6 28.e4 Nc7 29.Qf4 Kh8
30.Rca5 Nb5 31.Ra8 Nd6 32.e5 Nxc4 33.Rxb8 Rxb8 34.exf6 Qd6 35.fxg7+ Kxg7
36.Ra7+ {#r} 1-0

[Event "14th Balagna Rapid KO"]
[Site "Balagna FRA"]
[Date "2017.05.07"]
[Round "1.1"]
[White "Fressinet,L"]
[Black "Piscopo,P"]
[Result "1-0"]
[WhiteElo "2668"]
[BlackElo "2399"]

1.e4 c5 2.Nf3 d6 3.Nc3 Nf6 4.e5 dxe5 5.Nxe5 a6 6.g3 e6 7.Bg2 Be7 8.O-O O-O
9.a4 Qc7 10.Nc4 Nc6 11.d3 e5 12.Bg5 Bg4 13.Nd5 Nxd5 14.Qxg4 Ndb4 15.Bxe7 Qxe7
16.c3 Nxd3 17.Be4 Rad8 18.Rad1 b5 19.Bxd3 bxc4 20.Qxc4 Rd6 21.Be4 Rf6 22.Rd5
Nd8 23.Qxc5 Qe8 24.Rxe5 Ne6 25.Qb4 Qd8 26.Rd5 Qc8 27.Rd6 Re8 28.Bc6 Rf8 29.Qb7
{#r} 1-0

[Event "14th Balagna Rapid KO"]
[Site "Balagna FRA"]
[Date "2017.05.07"]
[Round "1.2"]
[White "Lazarev,V"]
[Black "Bacrot,E"]
[Result "0-1"]
[WhiteElo "2362"]
[BlackElo "2696"]

1.d4 Nf6 2.c4 e6 3.Nf3 b6 4.a3 Bb7 5.Nc3 d5 6.Bg5 Be7 7.Bxf6 Bxf6 8.cxd5 exd5
9.g3 O-O 10.Qb3 Re8 11.Rd1 c6 12.Bg2 Na6 13.O-O Nc7 14.Rfe1 g6 15.h4 Bg7 16.e4
dxe4 17.Nxe4 Nd5 18.Nc3 Nxc3 19.bxc3 Qc7 20.c4 Rxe1+ 21.Rxe1 Rd8 22.Re4 Bc8
23.Qe3 Be6 24.Bf1 Qd7 25.h5 Bf6 26.Qf4 Bf5 27.Re3 Bg7 28.h6 Bf8 29.g4 Be6
30.g5 Qd6 31.Qf6 Bf5 32.Qxd6 Bxd6 33.Kg2 {#R} 0-1

[Event "14th Balagna Rapid KO"]
[Site "Balagna FRA"]
[Date "2017.05.07"]
[Round "1.2"]
[White "Piscopo,P"]
[Black "Fressinet,L"]
[Result "0-1"]
[WhiteElo "2399"]
[BlackElo "2668"]

1.e4 e5 2.Nf3 Nc6 3.Bc4 Nf6 4.d4 exd4 5.Ng5 d5 6.exd5 Ne5 7.Bb3 Bb4+ 8.c3 dxc3
9.O-O O-O 10.Nxc3 Bf5 11.Qd4 Bd6 12.Bf4 Ng6 13.Bg3 a6 14.Rac1 Re8 15.Ba4 b5
16.Bc2 Qd7 17.Nce4 Nxe4 18.Nxe4 Bxe4 19.Bxe4 Bxg3 20.hxg3 Qg4 21.Rxc7 {#R} 0-1

[Event "Asian Juniors 2017"]
[Site "Shiraz IRI"]
[Date "2017.05.07"]
[Round "6.4"]
[White "Mousavi,Se"]
[Black "Tahbaz,Arash"]
[Result "0-1"]
[WhiteElo "2435"]
[BlackElo "2409"]

1.c4 c5 2.Nc3 Nc6 3.Nf3 e5 4.e3 Nf6 5.d4 cxd4 6.exd4 e4 7.Nd2 Bb4 8.Nb3 h6
9.d5 Ne5 10.Qd4 d6 11.c5 Bxc3+ 12.bxc3 O-O 13.Ba3 Re8 14.O-O-O e3 15.fxe3 Neg4
16.Bb5 Re4 17.Qd2 Rxe3 18.Bd3 Rxd3 19.Qxd3 Nf2 20.Qd4 Nxd1 21.Rxd1 Bg4 22.Rd3
Bf5 23.Rf3 Bg6 24.cxd6 Ne4 25.Nd2 Nxd6 26.Qe5 Nb5 27.Bb2 Rc8 28.c4 f6 29.Qe6+
Kh7 30.Qg4 Qe8 31.Qg3 Nd6 32.Rf4 Qe2 33.Qf3 Qe1+ 34.Qd1 Qe3 35.Qf3 Nxc4 36.Bc3
Qe1+ 37.Qd1 Qxd1+ 38.Kxd1 Ne3+ {#R} 0-1

[Event "Asian Juniors 2017"]
[Site "Shiraz IRI"]
[Date "2017.05.07"]
[Round "6.5"]
[White "Harsha,B"]
[Black "Korevand,Sina"]
[Result "1-0"]
[WhiteElo "2413"]
[BlackElo "2198"]

1.d4 Nf6 2.c4 g6 3.Nc3 Bg7 4.e4 O-O 5.Be2 d6 6.Be3 Nc6 7.d5 Ne5 8.f4 Ned7
9.Nf3 c6 10.Nd2 e5 11.dxe6 fxe6 12.O-O e5 13.Nb3 exf4 14.Bxf4 Ne5 15.c5 Ne8
16.Qd2 Qc7 17.Bxe5 Bxe5 18.Bc4+ Kg7 19.Rxf8 Kxf8 20.Rf1+ Kg7 21.Rf7+ Qxf7
22.Bxf7 Kxf7 23.cxd6 Bxd6 24.Na5 Bc7 25.b4 Nf6 26.Nc4 Be6 27.Nd6+ Kg7 28.Nxb7
Rf8 29.Qd4 Bc8 30.Nc5 Rd8 31.Qc4 Re8 32.h3 Nh5 33.Ne2 Bb6 34.a4 Nf6 35.a5 Rxe4
36.axb6 Rxc4 37.bxa7 Rxc5 38.a8=Q Re5 39.Qxc8 Rxe2 40.Qxc6 Nh5 41.b5 g5 42.b6
Nf4 43.b7 {#r} 1-0

[Event "Asian Juniors 2017"]
[Site "Shiraz IRI"]
[Date "2017.05.07"]
[Round "6.6"]
[White "Koniahli,Malek"]
[Black "Moradi,A"]
[Result "1-0"]
[WhiteElo "1995"]
[BlackElo "2218"]

1.e4 e5 2.Nf3 Nc6 3.Bb5 a6 4.Ba4 Nf6 5.O-O Be7 6.Re1 b5 7.Bb3 O-O 8.c3 d5
9.exd5 Nxd5 10.d4 exd4 11.Nxd4 Nxd4 12.cxd4 Bb7 13.Nc3 Nxc3 14.bxc3 Qd7 15.Bf4
Rfe8 16.Qh5 g6 17.Bxf7+ Kg7 18.Qh6+ {#r} 1-0

[Event "Asian Juniors 2017"]
[Site "Shiraz IRI"]
[Date "2017.05.07"]
[Round "6.7"]
[White "Mohammad,Nubairshah Shaikh"]
[Black "Baneshi,Mahan"]
[Result "1-0"]
[WhiteElo "2408"]
[BlackElo "1971"]

1.d4 Nf6 2.c4 c5 3.d5 e6 4.Nc3 exd5 5.cxd5 d6 6.e4 g6 7.h3 Bg7 8.Nf3 O-O 9.Bd3
b5 10.Nxb5 Nxe4 11.Bxe4 Re8 12.Ng5 h6 13.Ne6 fxe6 14.O-O e5 15.Bxg6 Re7 16.Re1
a6 17.Nc3 Nd7 18.Ne4 Nf8 19.Qh5 Rb8 20.Bxh6 Rxb2 21.Re3 Bxh6 22.Nf6+ Kg7
23.Rg3 Bf4 24.Be8+ Kxf6 25.Rg6+ {#r} 1-0

[Event "Asian Juniors Girls 2017"]
[Site "Shiraz IRI"]
[Date "2017.05.07"]
[Round "6.2"]
[White "Mahdian,Anousha"]
[Black "Harshita,Guddanti"]
[Result "1-0"]
[WhiteElo "1871"]
[BlackElo "2007"]

1.d4 Nf6 2.c4 e6 3.Nc3 Bb4 4.Qc2 O-O 5.e4 d5 6.e5 Ne4 7.Bd3 c5 8.Ne2 cxd4
9.Nxd4 Nd7 10.Bf4 Ndc5 11.O-O Nxd3 12.Qxd3 Nxc3 13.bxc3 Bc5 14.Qg3 Bxd4
15.cxd4 Kh8 16.c5 b6 17.c6 Ba6 18.Rfc1 Rc8 19.Bg5 f6 20.exf6 gxf6 21.Bf4 Qe8
22.c7 Rg8 23.Qa3 Qg6 24.Bg3 Bd3 25.Rc3 Bc4 26.Qxa7 Ra8 27.Qxb6 h5 28.h4 Qg4
29.a4 Rae8 30.a5 Qg7 31.Re3 e5 32.dxe5 f5 33.Qf6 {#r} 1-0

[Event "TOP 12 Feminin GpB 2017"]
[Site "Mulhouse FRA"]
[Date "2017.05.07"]
[Round "3.2"]
[White "Milliet,S"]
[Black "Osmanodja,F"]
[Result "0-1"]
[WhiteElo "2347"]
[BlackElo "2263"]

1.e4 e5 2.Nf3 Nc6 3.Bc4 Bc5 4.Nc3 Nf6 5.d3 d6 6.h3 h6 7.O-O O-O 8.Re1 Kh8
9.Be3 Bxe3 10.Rxe3 Nh7 11.Ne2 f5 12.exf5 Bxf5 13.Ng3 Bg6 14.Bb3 Qf6 15.Qd2
Rae8 16.c3 Bf7 17.Bc2 Be6 18.d4 exd4 19.cxd4 Bg8 20.Ne4 Qf4 21.g3 Qf7 22.Nh4
g5 23.Ng2 Qg7 24.Rd1 Ne7 25.Ra3 a6 26.Ne3 Nd5 27.Re1 Qd7 28.Kh2 Be6 29.Nxd5
Bxd5 30.Rae3 Be6 31.d5 Bxh3 32.Nc3 Rxe3 33.Rxe3 Bf5 34.Kg2 Kg8 35.Bxf5 Qxf5
36.Re7 Rf7 37.Qe3 Nf6 38.Rxf7 Kxf7 39.Qd4 g4 40.Qc4 Ne8 41.Ne2 b5 42.Qc6 Qf3+
43.Kf1 Qh1+ 44.Ng1 Ke7 45.Qb7 Qe4 46.Ne2 Qd3 47.Qc8 Qd1+ 48.Kg2 Qxe2 {#R} 0-1

[Event "TOP 12 Feminin GpB 2017"]
[Site "Mulhouse FRA"]
[Date "2017.05.07"]
[Round "3.3"]
[White "Savina,A"]
[Black "Brunello,M"]
[Result "0-1"]
[WhiteElo "2364"]
[BlackElo "2358"]

1.d4 d5 2.c4 e6 3.Nf3 c6 4.Qc2 Nf6 5.Nbd2 Be7 6.g3 O-O 7.Bg2 b6 8.O-O Bb7
9.Rd1 Na6 10.a3 c5 11.cxd5 exd5 12.dxc5 bxc5 13.b3 Qb6 14.Bb2 Rfe8 15.e3 Rac8
16.Rac1 Nc7 17.Ng5 h6 18.Ngf3 Ne6 19.Ne5 a5 20.a4 Ng5 21.h4 Nge4 22.Nxe4 Nxe4
23.Bxe4 dxe4 24.Qc4 Qf6 25.Rd2 Qf5 26.Rcd1 Rb8 27.Bc3 Bc8 28.Nc6 Be6 29.Rd5
Qf3 30.Nxe7+ Rxe7 31.Rd8+ Rxd8 32.Rxd8+ Kh7 33.Qf1 Rb7 34.Qg2 Qg4 35.Bxa5 Rxb3
36.Bc7 Rb1+ 37.Kh2 Bc4 38.f3 Qxf3 39.Bf4 Bf1 40.Qc2 Bd3 41.Qg2 Re1 {#R} 0-1

[Event "TOP 12 Feminin GpB 2017"]
[Site "Mulhouse FRA"]
[Date "2017.05.07"]
[Round "3.3"]
[White "Bellaiche,E"]
[Black "Steil Antoni,F"]
[Result "1-0"]
[WhiteElo "2063"]
[BlackElo "2155"]

1.e4 e5 2.Nf3 Nc6 3.Bc4 Bc5 4.O-O Nf6 5.d3 d6 6.c3 a6 7.Re1 Ba7 8.a4 O-O 9.h3
Ne7 10.d4 Ng6 11.Be3 exd4 12.Bxd4 c5 13.Be3 Nxe4 14.Nbd2 Nf6 15.Bg5 d5 16.Bxf6
gxf6 17.Bf1 Kh8 18.g3 Rg8 19.Bg2 f5 20.Ne5 Nxe5 21.Rxe5 Be6 22.Nf1 Qf6 23.Rxd5
Bxd5 24.Qxd5 f4 25.g4 Rae8 26.Qxb7 Re7 27.Qf3 Rb8 28.Ng3 Rxb2 29.Nh5 Qe5
30.Rd1 Re8 31.c4 Qe2 32.Qc3+ Qe5 33.Qxe5+ {#r} 1-0

[Event "TOP 12 Feminin GpB 2017"]
[Site "Mulhouse FRA"]
[Date "2017.05.07"]
[Round "3.3"]
[White "Sidibe,M"]
[Black "Ionutiu,Adela"]
[Result "0-1"]
[WhiteElo "1881"]
[BlackElo "1899"]

1.e4 Nc6 2.d4 d5 3.exd5 Qxd5 4.Be3 e5 5.Nc3 Bb4 6.a3 Bxc3+ 7.bxc3 Bf5 8.Nf3
O-O-O 9.c4 Qa5+ 10.Bd2 Qa4 11.c3 Bc2 12.Qc1 exd4 13.cxd4 Nxd4 14.Nxd4 Rxd4
15.Qb2 Re4+ 16.Be3 Nf6 17.Be2 Re6 18.O-O Be4 19.Bd1 Qa5 20.c5 Rd8 21.Bb3 Bd5
22.Bc2 Kb8 23.Rfc1 Rxe3 24.Qd4 Ree8 25.Rd1 {#R} 0-1

[Event "TOP 12 Feminin GpB 2017"]
[Site "Mulhouse FRA"]
[Date "2017.05.07"]
[Round "3.3"]
[White "Aubert,Estee"]
[Black "De Talance,Berenice"]
[Result "0-1"]
[WhiteElo "1829"]
[BlackElo "1723"]

1.d4 d6 2.Bf4 c5 3.dxc5 Qa5+ 4.Qd2 Qxc5 5.e3 Nf6 6.h3 Nc6 7.Nf3 Ne4 8.Qc1 g5
9.Bh2 Bg7 10.Bd3 Bf5 11.Nbd2 Nxd2 12.Nxd2 Bxd3 13.cxd3 Qd5 14.Qc4 Qxc4 15.Nxc4
Nb4 16.Kd2 b5 17.Na5 Rc8 18.a3 Bxb2 19.axb4 Bc3+ 20.Ke2 Bxa1 21.Rxa1 Rc2+
22.Kf3 h5 23.Bg3 h4 24.Bh2 f5 25.Bg1 Rg8 26.g4 hxg3 27.Kxg3 f4+ 28.exf4 gxf4+
29.Kxf4 Rb2 30.Nc6 Kd7 31.Nxa7 Rxb4+ 32.Ke3 Ra4 33.Rb1 Rxa7 34.Bh2 Kc6 35.Bf4
Rh8 36.Rh1 b4 37.h4 Kb5 38.Bg5 e5 39.d4 Ra2 40.dxe5 dxe5 41.Rb1 Ka4 42.Bf6 Rh5
43.f3 b3 44.Kd3 Rf5 45.Bg5 Rxf3+ 46.Ke4 Rff2 47.Be3 Rh2 48.Kxe5 Rxh4 49.Bd4
Re2+ 50.Kd5 {#R} 0-1

[Event "TOP 12 Feminin GpB 2017"]
[Site "Mulhouse FRA"]
[Date "2017.05.07"]
[Round "4.2"]
[White "Milliet,S"]
[Black "Haast,A"]
[Result "1-0"]
[WhiteElo "2347"]
[BlackElo "2305"]

1.e4 c5 2.Nf3 e6 3.d4 cxd4 4.Nxd4 Bc5 5.Nc3 Qb6 6.Na4 Qa5+ 7.c3 Bxd4 8.Qxd4
Nf6 9.Nc5 Nc6 10.Qe3 O-O 11.Be2 d5 12.O-O Qb6 13.f3 e5 14.Qf2 h6 15.a4 Rd8
16.b4 a5 17.b5 Ne7 18.Be3 Ng6 19.Nd7 Qe6 20.Nb6 Rb8 21.exd5 Qf5 22.g4 Qc2
23.Rfc1 Qb2 24.Nc4 Qb3 25.Ra3 {#r} 1-0

[Event "TOP 12 Feminin GpB 2017"]
[Site "Mulhouse FRA"]
[Date "2017.05.07"]
[Round "4.2"]
[White "Gras,D"]
[Black "Huisman,Ch"]
[Result "0-1"]
[WhiteElo "1846"]
[BlackElo "1927"]

1.e4 d5 2.exd5 Nf6 3.d4 Nxd5 4.Nf3 Bf5 5.c4 Nb4 6.Qa4+ N8c6 7.Na3 e6 8.Be3 Be7
9.Be2 O-O 10.O-O Bf6 11.Rfd1 Qe7 12.Bd2 Rfd8 13.Bc3 Rd7 14.c5 Nd5 15.Bb5 Bg4
16.Bxc6 bxc6 17.Qxc6 Rad8 18.Rd3 Bf5 19.Rdd1 Bg4 20.Rd3 Bf5 21.Rd2 Be4 22.Re2
Nxc3 23.Rxe4 Nxe4 24.Qxe4 Bxd4 25.Nxd4 Rxd4 26.Qe1 Qxc5 27.h3 Rd2 28.Rc1 Qxc1
29.Qxc1 Rd1+ 30.Qxd1 Rxd1+ 31.Kh2 Rd2 32.Nc4 Rxf2 {#R} 0-1

[Event "TOP 12 Feminin GpB 2017"]
[Site "Mulhouse FRA"]
[Date "2017.05.07"]
[Round "4.3"]
[White "Savina,A"]
[Black "Navrotescu,A"]
[Result "1-0"]
[WhiteElo "2364"]
[BlackElo "2208"]

1.d4 Nf6 2.c4 g6 3.Nc3 d5 4.cxd5 Nxd5 5.e3 Bg7 6.Bc4 Nb6 7.Bb3 O-O 8.Nf3 a5
9.O-O Bd7 10.a3 a4 11.Ba2 Na6 12.e4 Bg4 13.Be3 Bxf3 14.Qxf3 e6 15.Rfd1 Qe7
16.Rac1 Rac8 17.d5 c5 18.Qg4 exd5 19.exd5 Nb8 20.d6 Qd7 21.Qh4 Qf5 22.Ne4 N8d7
23.Bb1 Qe5 24.Rd2 Nd5 25.Bg5 c4 26.Rcd1 N5b6 27.Be7 Rfe8 28.h3 Qb5 29.Nc3 Bxc3
30.bxc3 Rc5 31.Be4 Rh5 32.Qg3 Nc5 33.Bf3 Rf5 34.Rd4 h5 35.Be4 Nxe4 36.Rxe4 Rd5
37.Red4 Rxd4 38.Rxd4 Nd7 39.Qf4 Qb1+ 40.Kh2 b5 41.Qg5 Qb2 42.Rf4 Rb8 43.Qd5
Qxc3 44.Qxf7+ Kh8 45.Qxg6 Qg7 46.Qxh5+ Qh7 47.Qg4 Rb7 48.Qf3 {#r} 1-0

[Event "TOP 12 Feminin GpB 2017"]
[Site "Mulhouse FRA"]
[Date "2017.05.07"]
[Round "4.3"]
[White "Osmanodja,F"]
[Black "Steil Antoni,F"]
[Result "1-0"]
[WhiteElo "2263"]
[BlackElo "2155"]

1.e4 e5 2.Nf3 Nc6 3.Bb5 Nge7 4.c3 g6 5.d4 exd4 6.cxd4 a6 7.Ba4 b5 8.Bc2 Bg7
9.d5 Na5 10.Bd2 c5 11.Bc3 O-O 12.Bxg7 Kxg7 13.O-O d6 14.b4 cxb4 15.Qd4+ Kg8
16.Qxb4 f5 17.Nc3 Nb7 18.Rfe1 f4 19.h3 g5 20.e5 Bf5 21.Ne4 Bxe4 22.Qxe4 Nf5
23.h4 Nc5 24.Qb4 Nxh4 25.Nd4 Qc8 26.e6 Qe8 27.Nxb5 axb5 28.Qc3 Rf6 29.f3 Rh6
30.a4 Rc8 {#r} 1-0

[Event "TOP 12 Feminin GpB 2017"]
[Site "Mulhouse FRA"]
[Date "2017.05.07"]
[Round "4.3"]
[White "Retailleau,Elise"]
[Black "De Talance,Berenice"]
[Result "0-1"]
[WhiteElo "2050"]
[BlackElo "1723"]

1.e4 c5 2.Nc3 g6 3.d4 cxd4 4.Qxd4 Nf6 5.Nf3 Nc6 6.Qa4 d6 7.e5 dxe5 8.Nxe5 Bg7
9.Bb5 O-O 10.Nxc6 bxc6 11.Bxc6 Rb8 12.O-O Bf5 13.Rb1 Qc7 14.Re1 Bxc2 15.Qxc2
Qxc6 16.Rxe7 Nd5 17.Re1 Nxc3 18.Bf4 Rb4 19.Be3 Qa4 20.Qxa4 Nxa4 21.b3 Nc3
22.Rbc1 Rb7 23.Rc2 Rd7 24.Kf1 f5 25.Rec1 Nd5 26.Bd2 Rfd8 27.Bg5 Bf6 28.Bd2 Nb6
29.Ke2 Rxd2+ 30.Rxd2 Rxd2+ 31.Kxd2 Bg5+ {#R} 0-1

[Event "TCh-POL Ekstraliga 2017"]
[Site "Gorzow Wielkopolski POL"]
[Date "2017.05.07"]
[Round "3.1"]
[White "Jedynak,R"]
[Black "Mista,A"]
[Result "0-1"]
[WhiteElo "2343"]
[BlackElo "2606"]

1.d4 Nf6 2.c4 g6 3.Nc3 d5 4.Bg5 Ne4 5.Nxe4 dxe4 6.Qd2 Bg7 7.Rd1 c5 8.d5 Qb6
9.b3 a5 10.g3 a4 11.Rb1 axb3 12.axb3 Ra3 13.Qc2 Bf5 14.Bh3 Qa5+ 15.Kf1 Ra2
16.Qd1 Bxh3+ 17.Nxh3 h6 18.Be3 g5 19.Ng1 Nd7 20.f3 f5 21.Bf2 O-O 22.Be1 Qa6
23.Qc1 Qf6 24.f4 Rfa8 25.h4 gxf4 26.Qxf4 Ra1 27.Rxa1 Rxa1 28.Nh3 Rxe1+ 29.Kxe1
Qa1+ 30.Kd2 Qc3+ 31.Kd1 e3 {#R} 0-1

[Event "TCh-POL Ekstraliga 2017"]
[Site "Gorzow Wielkopolski POL"]
[Date "2017.05.07"]
[Round "3.2"]
[White "Kempinski,R"]
[Black "Dziuba,M"]
[Result "1-0"]
[WhiteElo "2586"]
[BlackElo "2556"]

1.d4 Nf6 2.c4 g6 3.Nc3 Bg7 4.Nf3 O-O 5.Bg5 h6 6.Bh4 d6 7.e3 c6 8.Be2 a6 9.Qc2
b5 10.a3 Nbd7 11.O-O Bb7 12.Rfd1 bxc4 13.Bxc4 g5 14.Bg3 Nh5 15.Ba2 Rb8 16.Ne4
Ndf6 17.Nxf6+ exf6 18.Nd2 Nxg3 19.hxg3 Qe7 20.Nc4 Rfd8 21.Na5 c5 22.d5 Qc7
23.b4 Ba8 24.Rab1 Rbc8 25.Qd3 cxb4 26.axb4 Bb7 27.Bc4 Ra8 28.Ra1 Rdb8 29.Ra2
f5 30.Rb1 Ra7 31.Qxf5 Bc8 32.Qe4 Bd7 33.Nc6 Re8 34.Qc2 Raa8 35.Rxa6 Rxa6
36.Bxa6 Qb6 37.Bd3 Ra8 38.Bf5 Be8 39.b5 Bf6 40.Qc4 Kg7 41.Qb4 Be5 42.Nxe5 dxe5
43.Qe7 Qf6 44.Qxf6+ Kxf6 45.e4 Ke7 46.b6 Rb8 47.b7 {#r} 1-0

[Event "TCh-POL Ekstraliga 2017"]
[Site "Gorzow Wielkopolski POL"]
[Date "2017.05.07"]
[Round "3.5"]
[White "Jakubiec,A"]
[Black "Grela,K"]
[Result "1-0"]
[WhiteElo "2500"]
[BlackElo "2312"]

1.d4 d5 2.Nc3 Nf6 3.Bg5 Nbd7 4.Nf3 g6 5.Qd2 Ne4 6.Nxe4 dxe4 7.Ng1 Bg7 8.Bh6
Bxh6 9.Qxh6 e6 10.e3 Qf6 11.Nh3 b6 12.Bb5 Bb7 13.a4 a5 14.O-O O-O-O 15.c3 e5
16.Rfc1 Rhe8 17.Rab1 Kb8 18.b4 exd4 19.cxd4 axb4 20.Rxb4 c5 21.Rbc4 Re7 22.a5
bxa5 23.Bxd7 Rexd7 24.Rxc5 Rd5 25.Rxd5 Rxd5 26.Qf8+ Ka7 27.Nf4 Rb5 28.h4 Qb6
29.Kh2 Rb1 30.Rxb1 Qxb1 31.d5 a4 32.Qe7 Ka6 33.d6 Qb4 34.Qc7 a3 35.d7 a2
36.d8=Q a1=Q 37.Nd5 Bxd5 38.Qxd5 Qac3 39.Qa8+ Kb5 40.Qe8+ Ka6 41.Qec8+ {#r}
1-0

[Event "TCh-POL Ekstraliga 2017"]
[Site "Gorzow Wielkopolski POL"]
[Date "2017.05.07"]
[Round "3.3"]
[White "Heberla,B"]
[Black "Bobras,P"]
[Result "1-0"]
[WhiteElo "2580"]
[BlackElo "2529"]

1.Nf3 Nf6 2.g3 d5 3.Bg2 c6 4.O-O Bg4 5.h3 Bh5 6.c4 e6 7.d4 Nbd7 8.cxd5 exd5
9.Qb3 Bxf3 10.exf3 Nb6 11.a4 a5 12.Re1+ Be7 13.Na3 Nfd7 14.Bg5 f6 15.Bf4 O-O
16.Nc2 Rf7 17.h4 Nf8 18.Bh3 Nc4 19.Qc3 Bd6 20.Bc1 Bc7 21.b3 Nd6 22.Ba3 Re7
23.Ne3 g6 24.Ra2 Re8 25.Rae2 f5 26.Qc1 Nf7 27.Bxf5 gxf5 28.Nxf5 Rxe2 29.Rxe2
Qf6 30.Ne7+ Kg7 31.Nxd5 cxd5 32.Qxc7 Qxf3 33.Re3 Qf5 34.Re5 Qb1+ 35.Kg2 Ng6
36.Re3 Qf5 37.Rf3 Qe6 38.h5 Nf8 39.Qxb7 Rd8 40.Qc7 Qd7 41.Qf4 Ne6 42.Qf6+ Kg8
43.Be7 Neg5 44.Rf5 Re8 45.h6 {#r} 1-0